[Event "Hessen-ch Seniors op 05th"]
[Site "Bad Sooden-Allendorf"]
[Date "2009.04.30"]
[Round "6"]
[White "Koehler, Marianne"]
[Black "Heidfeld, Christel"]
[Result "1-0"]
[WhiteElo "1377"]
[BlackElo "1141"]
[PlyCount "62"]
[EventDate "2009.04.25"]
[EventType "swiss"]
[EventRounds "9"]
[EventCountry "GER"]
[SourceTitle "EXT 2022"]
[Source "ChessBase"]
[SourceDate "2021.10.06"]
[SourceVersion "1"]
[SourceVersionDate "2021.10.06"]
[SourceQuality "1"]

1. e4 a6 2. b3 Nc6 3. Nf3 e5 4. Bb2 d6 5. Be2 Be7 6. Nc3 Be6 7. Nd5 Bxd5 8. exd5 Na7 9. c4 Nf6 10. d3 0-0 11. Nd2 c6 12. dxc6 bxc6 13. 0-0 Qb8 14. g3 d5 15. Qe1 Re8 16. Qd1 d4 17. Bf3 Qc7 18. Ne4 Nd7 19. Bg4 Nf6 20. Nxf6+ Bxf6 21. Bf3 Rab8 22. Bc1 Qe7 23. Be4 g6 24. f4 Rbc8 25. f5 c5 26. Qg4 Rcd8 27. Bh6 Bg7 28. Bxg7 Kxg7 29. f6+ Qxf6 30. Rxf6 Kxf6 31. h4 Re7 1-0

[Event "Hessen-ch Seniors op 05th"]
[Site "Bad Sooden-Allendorf"]
[Date "2009.04.27"]
[Round "3"]
[White "Heidfeld, Christel"]
[Black "Rose, Heinrich"]
[Result "0-1"]
[WhiteElo "1141"]
[BlackElo "1452"]
[PlyCount "59"]
[EventDate "2009.04.25"]
[EventType "swiss"]
[EventRounds "9"]
[EventCountry "GER"]
[SourceTitle "EXT 2022"]
[Source "ChessBase"]
[SourceDate "2021.10.06"]
[SourceVersion "1"]
[SourceVersionDate "2021.10.06"]
[SourceQuality "1"]

1. e4 e5 2. a3 Nf6 3. Nc3 b6 4. Bd3 Bb7 5. Nf3 Nc6 6. 0-0 Be7 7. b4 d6 8. Bb2 0-0 9. b5 Nd4 10. Nxd4 exd4 11. Ne2 Nxe4 12. Bxe4 Bxe4 13. Bxd4 Qd7 14. Nc3 Bb7 15. a4 Qf5 16. Ne2 Qg6 17. Ng3 f5 18. Ra3 Bf6 19. Bxf6 Rxf6 20. Re1 f4 21. Qb1 fxg3 22. Rxg3 Qf7 23. Re2 Rf8 24. Qe1 Qd5 25. d3 h5 26. Re4 Qc5 27. Re2 Qf5 28. f3 Rg6 29. Rxg6 Qxg6 30. Kh1 0-1

[Event "Hessen-ch Seniors op 05th"]
[Site "Bad Sooden-Allendorf"]
[Date "2009.04.26"]
[Round "2"]
[White "Schneider, Hans1111"]
[Black "Heidfeld, Christel"]
[Result "1-0"]
[WhiteElo "1567"]
[BlackElo "1141"]
[PlyCount "55"]
[EventDate "2009.04.25"]
[EventType "swiss"]
[EventRounds "9"]
[EventCountry "GER"]
[SourceTitle "EXT 2022"]
[Source "ChessBase"]
[SourceDate "2021.10.06"]
[SourceVersion "1"]
[SourceVersionDate "2021.10.06"]
[SourceQuality "1"]

1. Nf3 Nc6 2. g3 d5 3. d3 h6 4. Bg2 e6 5. 0-0 Bd6 6. Nbd2 Nge7 7. b3 Be5 8. Nxe5 Nxe5 9. Bb2 N7g6 10. e4 0-0 11. f4 d4 12. fxe5 Nxe5 13. Ba3 Re8 14. Nc4 Ng6 15. h4 e5 16. Qf3 f6 17. Rf2 Re6 18. Nd2 b6 19. h5 Nh8 20. Bh3 Rc6 21. Bxc8 Qxc8 22. Nf1 Qa6 23. Bb2 Nf7 24. a4 Re8 25. b4 Rce6 26. Nh2 b5 27. a5 Rc8 28. Ng4 1-0

[Event "Hessen-ch Seniors op 04th"]
[Site "Bad Sooden-Allendorf"]
[Date "2008.04.30"]
[Round "7"]
[White "Heidfeld, Christel"]
[Black "Graffenberger, Marianne"]
[Result "0-1"]
[WhiteElo "1169"]
[BlackElo "1282"]
[PlyCount "46"]
[EventDate "2008.04.24"]
[EventType "swiss"]
[EventRounds "9"]
[EventCountry "GER"]
[SourceTitle "EXT 2022"]
[Source "ChessBase"]
[SourceDate "2021.10.06"]
[SourceVersion "1"]
[SourceVersionDate "2021.10.06"]
[SourceQuality "1"]

1. e4 e5 2. a3 Nc6 3. Bc4 Be7 4. Qf3 Nf6 5. d3 0-0 6. Nh3 Nd4 7. Qd1 c6 8. 0-0 d5 9. exd5 Bg4 10. Qe1 Nxc2 11. Qxe5 Bd6 12. Qc3 Nxa1 13. Ng5 b5 14. Ba2 cxd5 15. b4 Re8 16. d4 h6 17. Nxf7 Kxf7 18. Qxa1 Be2 19. Nd2 Bxf1 20. Kxf1 Qe7 21. Nf3 Qe2+ 22. Kg1 Qd1+ 23. Ne1 Qxe1# 0-1

[Event "Hessen-ch Seniors op 04th"]
[Site "Bad Sooden-Allendorf"]
[Date "2008.04.26"]
[Round "3"]
[White "Hopp, Barbara"]
[Black "Heidfeld, Christel"]
[Result "1-0"]
[WhiteElo "1473"]
[BlackElo "1169"]
[PlyCount "71"]
[EventDate "2008.04.24"]
[EventType "swiss"]
[EventRounds "9"]
[EventCountry "GER"]
[SourceTitle "EXT 2022"]
[Source "ChessBase"]
[SourceDate "2021.10.06"]
[SourceVersion "1"]
[SourceVersionDate "2021.10.06"]
[SourceQuality "1"]

1. Nf3 d5 2. g3 h6 3. Bg2 Nf6 4. d3 e6 5. Nbd2 a6 6. 0-0 Bc5 7. e4 0-0 8. e5 Nfd7 9. d4 Ba7 10. Nb3 Nc6 11. c3 b5 12. a3 a5 13. Be3 Ba6 14. Re1 a4 15. Nbd2 Nb6 16. h4 Nc4 17. Nxc4 dxc4 18. Nh2 Ne7 19. Qg4 Ng6 20. h5 Qe7 21. hxg6 f6 22. exf6 Qxf6 23. Bf4 Rac8 24. Qxe6+ Qxe6 25. Rxe6 c6 26. Bxc6 Bb8 27. Bxb8 Rxb8 28. Rae1 Rbd8 29. Ng4 Bc8 30. R6e4 Bxg4 31. Rxg4 Rd6 32. Bxb5 Rb6 33. Bxc4+ Kh8 34. Re2 Rc8 35. Bf7 Rbb8 36. Rge4 1-0

[Event "Hessen-ch Seniors op 03rd"]
[Site "Bad Sooden-Allendorf"]
[Date "2007.05.05"]
[Round "8"]
[White "Henniges, Erhard"]
[Black "Heidfeld, Christel"]
[Result "1/2-1/2"]
[WhiteElo "1322"]
[BlackElo "1208"]
[PlyCount "152"]
[EventDate "2007.04.27"]
[EventType "swiss"]
[EventRounds "9"]
[EventCountry "GER"]
[SourceTitle "EXT 2022"]
[Source "ChessBase"]
[SourceDate "2021.10.06"]
[SourceVersion "1"]
[SourceVersionDate "2021.10.06"]
[SourceQuality "1"]

1. c4 e5 2. Nc3 Nc6 3. a3 a6 4. g3 d6 5. Bg2 Nce7 6. e3 Nf6 7. Nge2 Be6 8. b3 c6 9. d4 Qc7 10. Bb2 d5 11. c5 Nc8 12. 0-0 Be7 13. f4 e4 14. f5 Bd7 15. b4 Ng4 16. Bc1 0-0 17. h3 Nf6 18. g4 b6 19. Bd2 Na7 20. Be1 Nb5 21. Bg3 Qd8 22. Nxb5 cxb5 23. Rc1 Bc8 24. c6 Ra7 25. Bb8 Ra8 26. Rc2 Bd6 27. Bxd6 Qxd6 28. Qd2 Ra7 29. Rfc1 Ne8 30. Nf4 Nc7 31. Qf2 Qe7 32. Rf1 a5 33. Qd2 axb4 34. axb4 Ra4 35. Rb1 Na6 36. Nxd5 Qd6 37. Nxb6 Nxb4 38. Nxa4 Nxc2 39. Nc5 Na3 40. Rc1 Nc4 41. Qe1 Qxc6 42. Bxe4 Qh6 43. Qg3 Qxe3+ 44. Qxe3 Nxe3 45. Kf2 Nc4 46. Bc6 Na3 47. Nd3 Rd8 48. d5 Ba6 49. Nb4 Bc8 50. Ra1 Nc4 51. Bxb5 Nd6 52. Bc6 h6 53. Kf3 f6 54. Ra7 Nc4 55. Ke4 Nd6+ 56. Kd4 Nf7 57. Kc5 Ng5 58. d6 Nf7 59. d7 Ne5 60. Bd5+ Kh7 61. dxc8Q Rxc8+ 62. Kd4 Rd8 63. Ra8 Rxa8 64. Bxa8 Nd7 65. Bd5 Ne5 66. Na6 g6 67. Nc5 gxf5 68. gxf5 h5 69. Ne6 Kh6 70. h4 Kh7 71. Nf4 Nd7 72. Nxh5 Kh6 73. Nf4 Ne5 74. Ke3 Ng4+ 75. Kf3 Ne5+ 76. Kg3 Kg7 1/2-1/2

[Event "Hessen-ch Seniors op 03rd"]
[Site "Bad Sooden-Allendorf"]
[Date "2007.04.28"]
[Round "1"]
[White "Barlo, Werner"]
[Black "Heidfeld, Christel"]
[Result "1-0"]
[WhiteElo "1744"]
[BlackElo "1208"]
[PlyCount "75"]
[EventDate "2007.04.27"]
[EventType "swiss"]
[EventRounds "9"]
[EventCountry "GER"]
[SourceTitle "EXT 2022"]
[Source "ChessBase"]
[SourceDate "2021.10.06"]
[SourceVersion "1"]
[SourceVersionDate "2021.10.06"]
[SourceQuality "1"]

1. d4 d5 2. c4 Be6 3. cxd5 Bxd5 4. Nc3 c6 5. e4 Be6 6. Nf3 Bg4 7. Be2 Bxf3 8. Bxf3 e6 9. a3 h6 10. 0-0 Nf6 11. d5 Bd6 12. dxe6 fxe6 13. Re1 Nbd7 14. Qxd6 Qe7 15. Qxe7+ Kxe7 16. Be3 Rhd8 17. Rad1 Kf8 18. Rd6 Ke7 19. Red1 Ne5 20. Rxd8 Rxd8 21. Bc5+ Ke8 22. Rxd8+ Kxd8 23. Be2 b6 24. Bf8 g5 25. Bxh6 g4 26. Bg5 Ke7 27. h4 gxh3 28. gxh3 Kf7 29. Kg2 Kg6 30. f4 Nf7 31. Bxf6 Kxf6 32. Bc4 Nd6 33. e5+ Ke7 34. exd6+ Kxd6 35. h4 Ke7 36. h5 b5 37. h6 Kf8 38. Bxe6 1-0

[Event "Brandenburg Seniors op 15th"]
[Site "Rowy"]
[Date "2006.06.27"]
[Round "8"]
[White "Heidfeld, Christel"]
[Black "Fleiszerowicz, Leopold"]
[Result "0-1"]
[WhiteElo "1240"]
[BlackElo "1361"]
[PlyCount "82"]
[EventDate "2006.06.19"]
[EventType "swiss"]
[EventRounds "9"]
[EventCountry "POL"]
[SourceTitle "EXT 2007"]
[Source "ChessBase"]
[SourceDate "2006.11.23"]
[SourceVersion "1"]
[SourceVersionDate "2006.11.23"]
[SourceQuality "1"]

1. e4 Nc6 2. d3 e5 3. Be2 Bc5 4. Be3 Bxe3 5. fxe3 Qg5 6. Bf3 Qxe3+ 7. Ne2 d6 8. Nbc3 Qg5 9. d4 exd4 10. Nd5 Kd8 11. Nxd4 Nxd4 12. Qxd4 c5 13. Qc3 b6 14. Ne3 Qe5 15. Qb3 Be6 16. Qa3 Ne7 17. c4 Kc7 18. Rd1 h5 19. Nd5+ Nxd5 20. cxd5 Bg4 21. Rd3 f5 22. Re3 f4 23. Re2 Qd4 24. Qb3 Qb4+ 25. Qxb4 cxb4 26. Rf2 g5 27. 0-0 Bxf3 28. Rxf3 Rae8 29. Re1 Re5 30. Rf2 Rhe8 31. Rfe2 Kb7 32. a3 bxa3 33. bxa3 g4 34. Kf2 b5 35. a4 Ka6 36. g3 f3 37. Re3 R5e7 38. Kg1 Rc7 39. Kh1 Rec8 40. Rd3 Rc1 41. Rdd1 Rxd1 0-1

[Event "Brandenburg Seniors op 15th"]
[Site "Rowy"]
[Date "2006.06.26"]
[Round "7"]
[White "Przybylak, Gabriela"]
[Black "Heidfeld, Christel"]
[Result "1-0"]
[WhiteElo "1311"]
[BlackElo "1240"]
[PlyCount "121"]
[EventDate "2006.06.19"]
[EventType "swiss"]
[EventRounds "9"]
[EventCountry "POL"]
[SourceTitle "EXT 2007"]
[Source "ChessBase"]
[SourceDate "2006.11.23"]
[SourceVersion "1"]
[SourceVersionDate "2006.11.23"]
[SourceQuality "1"]

1. c4 Nc6 2. Nc3 e6 3. e3 d5 4. d4 Bb4 5. Bd2 Bxc3 6. Bxc3 Nge7 7. b4 a6 8. Nf3 Bd7 9. c5 b6 10. Be2 0-0 11. 0-0 Nb8 12. Qc2 b5 13. Bd3 Ng6 14. g3 Qf6 15. Nd2 Qg5 16. Be2 e5 17. Nf3 Qf5 18. Qxf5 Bxf5 19. dxe5 Bg4 20. Kg2 c6 21. h3 Bxf3+ 22. Bxf3 Nd7 23. Bh5 Ndxe5 24. Bd4 Rae8 25. a4 Nc4 26. axb5 axb5 27. Bg4 Rd8 28. Ra7 Nge5 29. Bxe5 Nxe5 30. Bd1 Nd3 31. Bg4 d4 32. Bd7 Nxb4 33. exd4 f6 34. Re1 Kh8 35. Re2 Nd5 36. Bxc6 Nc3 37. Rd2 b4 38. d5 Rb8 39. d6 Rbc8 40. Ra6 f5 41. f3 f4 42. gxf4 Rxf4 43. Rb2 h6 44. d7 Rd8 45. Ra7 Kg8 46. Rc7 Rff8 47. Rxb4 Nd1 48. Re4 Nb2 49. Re8 Kf7 50. Bd5+ Kf6 51. Rxf8+ Rxf8 52. Rc8 Ke7 53. c6 Rd8 54. f4 Na4 55. f5 Nb6 56. Rc7 Nxd5 57. Rb7 Ne3+ 58. Kh2 Nxf5 59. c7 Nd6 60. Rb8 Kxd7 61. cxd8Q+ 1-0

[Event "Brandenburg Seniors op 15th"]
[Site "Rowy"]
[Date "2006.06.20"]
[Round "2"]
[White "Heidfeld, Christel"]
[Black "Heinrich, Klaus1111"]
[Result "0-1"]
[WhiteElo "1240"]
[BlackElo "1596"]
[PlyCount "74"]
[EventDate "2006.06.19"]
[EventType "swiss"]
[EventRounds "9"]
[EventCountry "POL"]
[SourceTitle "EXT 2007"]
[Source "ChessBase"]
[SourceDate "2006.11.23"]
[SourceVersion "1"]
[SourceVersionDate "2006.11.23"]
[SourceQuality "1"]

1. e4 c5 2. c3 a6 3. h3 d5 4. Bd3 e5 5. Nf3 Nc6 6. 0-0 d4 7. a3 Be6 8. b4 c4 9. Bc2 d3 10. b5 dxc2 11. Qxc2 axb5 12. Qb2 Qa5 13. Qc2 Rd8 14. a4 b4 15. Bb2 b3 16. Qc1 Bc5 17. Ba3 f6 18. Bxc5 Qxc5 19. Qb2 Nge7 20. Na3 Ng6 21. Nb5 Nf4 22. Kh2 0-0 23. Nc7 Bf7 24. Ra3 Rd7 25. Nb5 Rfd8 26. Raa1 Be6 27. Rad1 Nd3 28. Qb1 Nxf2 29. Rde1 Nd3 30. Re2 Nf4 31. Ref2 Ne7 32. Ne1 Rxd2 33. Rxd2 Rxd2 34. Nf3 Rxg2+ 35. Kh1 Rf2 36. Qd1 Rxf1+ 37. Qxf1 Nxh3 0-1

[Event "Hessen-ch Seniors op 02nd"]
[Site "Bad Sooden-Allendorf"]
[Date "2006.05.07"]
[Round "6"]
[White "Heidfeld, Christel"]
[Black "Blask, Gerhard"]
[Result "0-1"]
[WhiteElo "1276"]
[BlackElo "1612"]
[PlyCount "32"]
[EventDate "2006.04.25"]
[EventType "swiss"]
[EventRounds "9"]
[EventCountry "GER"]
[SourceTitle "EXT 2007"]
[Source "ChessBase"]
[SourceDate "2006.11.23"]
[SourceVersion "1"]
[SourceVersionDate "2006.11.23"]
[SourceQuality "1"]

1. e4 e5 2. Nf3 d5 3. Qe2 Nf6 4. exd5 Bd6 5. Nc3 0-0 6. Ne4 Nxd5 7. c3 Bg4 8. h3 Bh5 9. d3 Nf4 10. Bxf4 exf4 11. 0-0-0 Nc6 12. d4 Re8 13. Qd3 Bg6 14. Nfd2 Qe7 15. Re1 f5 16. f3 fxe4 0-1

[Event "Hessen-ch Seniors op 02nd"]
[Site "Bad Sooden-Allendorf"]
[Date "2006.05.03"]
[Round "9"]
[White "Heidfeld, Christel"]
[Black "Schmidt, Werner"]
[Result "0-1"]
[WhiteElo "1276"]
[BlackElo "1501"]
[PlyCount "46"]
[EventDate "2006.04.25"]
[EventType "swiss"]
[EventRounds "9"]
[EventCountry "GER"]
[SourceTitle "EXT 2007"]
[Source "ChessBase"]
[SourceDate "2006.11.23"]
[SourceVersion "1"]
[SourceVersionDate "2006.11.23"]
[SourceQuality "1"]

1. e4 d6 2. h3 Nf6 3. Bd3 g6 4. Nf3 Bg7 5. a3 0-0 6. 0-0 e5 7. Qe1 Nc6 8. b4 d5 9. c4 Nxe4 10. Bxe4 dxe4 11. Qxe4 Bf5 12. Qe3 e4 13. Ra2 exf3 14. Bb2 fxg2 15. Kxg2 Re8 16. Qb3 Qg5+ 17. Kh2 Rad8 18. Bxg7 Rd3 19. Qxd3 Bxd3 20. Rg1 Qf4+ 21. Kh1 Be4+ 22. Rg2 Bxg2+ 23. Kg1 Qf3 0-1

[Event "Hessen-ch Seniors op 02nd"]
[Site "Bad Sooden-Allendorf"]
[Date "2006.04.27"]
[Round "3"]
[White "Alefs, Willi"]
[Black "Heidfeld, Christel"]
[Result "0-1"]
[WhiteElo "1609"]
[BlackElo "1276"]
[PlyCount "139"]
[EventDate "2006.04.25"]
[EventType "swiss"]
[EventRounds "9"]
[EventCountry "GER"]
[SourceTitle "EXT 2007"]
[Source "ChessBase"]
[SourceDate "2006.11.23"]
[SourceVersion "1"]
[SourceVersionDate "2006.11.23"]
[SourceQuality "1"]

1. c4 a6 2. Nc3 c6 3. e4 b5 4. b3 e6 5. Bb2 d5 6. cxb5 axb5 7. Qc2 b4 8. Na4 Nd7 9. Qxc6 Rb8 10. Rc1 Ne7 11. Qc2 Ng6 12. Nf3 Bb7 13. exd5 Bxd5 14. Nd4 e5 15. Nb5 Bc5 16. Nxc5 0-0 17. Nd6 Nf6 18. Nde4 Rc8 19. Nxf6+ gxf6 20. f3 Qd6 21. Bd3 Rc7 22. Bf5 Rb8 23. 0-0 Rb5 24. Ne4 Qb6+ 25. Bd4 Qxd4+ 26. Kh1 Rxc2 27. Nxf6+ Kg7 28. Ne8+ Kf8 29. Rxc2 Ne7 30. Bd7 Qd3 31. Rfc1 Rb8 32. Nf6 h6 33. Bg4 Qb5 34. Nd7+ Kg7 35. Nxb8 Qxb8 36. Rc5 Qa8 37. R1c2 e4 38. Rc7 Kf6 39. f4 e3 40. dxe3 Ng6 41. Kg1 Nh4 42. Bh3 Qg8 43. Kf1 Qg6 44. R7c6+ Be6 45. g4 Qd3+ 46. Kf2 Qd1 47. g5+ hxg5 48. fxg5+ Kxg5 49. Bxe6 Qf3+ 50. Kg1 Qxe3+ 51. Kf1 Qf4+ 52. Rf2 Qd4 53. Re2 Qd1+ 54. Kf2 Qh1 55. Re5+ Kf4 56. Rcc5 Qf3+ 57. Ke1 Ng2+ 58. Kd2 Qf2+ 59. Kc1 Qf1+ 60. Kd2 Qf2+ 61. Kc1 Qg1+ 62. Kd2 Qd4+ 63. Ke2 Qb2+ 64. Kd3 Qb1+ 65. Kc4 fxe6 66. Rxe6 Ne3+ 67. Kb5 Qd3+ 68. Kxb4 Nc2+ 69. Ka5 Qd2+ 70. Ka4 0-1

[Event "Hessen-ch Seniors op 02nd"]
[Site "Bad Sooden-Allendorf"]
[Date "2006.04.25"]
[Round "1"]
[White "Heidfeld, Christel"]
[Black "Schmieder, Wolfgang Ernst"]
[Result "0-1"]
[WhiteElo "1276"]
[BlackElo "1681"]
[PlyCount "44"]
[EventDate "2006.04.25"]
[EventType "swiss"]
[EventRounds "9"]
[EventCountry "GER"]
[SourceTitle "EXT 2007"]
[Source "ChessBase"]
[SourceDate "2006.11.23"]
[SourceVersion "1"]
[SourceVersionDate "2006.11.23"]
[SourceQuality "1"]

1. e3 c5 2. a3 Nf6 3. h3 a6 4. Bc4 d5 5. Ba2 g6 6. Nf3 Bg7 7. c3 0-0 8. 0-0 b6 9. Re1 Bb7 10. d4 c4 11. Nbd2 Nbd7 12. b3 b5 13. b4 Qc7 14. Bb1 Rfe8 15. e4 e5 16. Bc2 exd4 17. cxd4 dxe4 18. Bxe4 Nxe4 19. Qc2 Nxd2 20. Rxe8+ Rxe8 21. Nxd2 Re1+ 22. Nf1 Qc6 0-1

[Event "Hessen-ch Seniors op 01st"]
[Site "Bad Sooden-Allendorf"]
[Date "2005.04.30"]
[Round "9"]
[White "Heidfeld, Christel"]
[Black "Polk, Maria"]
[Result "1-0"]
[WhiteElo "1262"]
[BlackElo "1239"]
[PlyCount "61"]
[EventDate "2005.04.22"]
[EventType "swiss"]
[EventRounds "9"]
[EventCountry "GER"]
[SourceTitle "EXT 2007"]
[Source "ChessBase"]
[SourceDate "2006.11.23"]
[SourceVersion "1"]
[SourceVersionDate "2006.11.23"]
[SourceQuality "1"]

1. e4 c5 2. d3 Nc6 3. c3 d5 4. Be3 e6 5. Ne2 d4 6. cxd4 cxd4 7. Bxd4 Nxd4 8. Qa4+ Nc6 9. Nec3 a6 10. Be2 Bd7 11. Qd1 Nf6 12. 0-0 Nd4 13. e5 Nxe2+ 14. Nxe2 Nd5 15. a3 Qc7 16. d4 Rc8 17. Nbc3 Be7 18. Rc1 Nxc3 19. Rxc3 Qb8 20. Rg3 0-0 21. Nf4 Bh4 22. Rg4 Be7 23. Nh5 g6 24. Qd2 g5 25. f4 h6 26. h4 Kh8 27. fxg5 Rg8 28. Rxf7 hxg5 29. Rxe7 Rcf8 30. Nf6 Qd8 31. Rh7# 1-0

[Event "Hessen-ch Seniors op 01st"]
[Site "Bad Sooden-Allendorf"]
[Date "2005.04.25"]
[Round "4"]
[White "Heidfeld, Christel"]
[Black "Hartlaub, Marianne"]
[Result "1-0"]
[WhiteElo "1262"]
[BlackElo "1457"]
[PlyCount "52"]
[EventDate "2005.04.22"]
[EventType "swiss"]
[EventRounds "9"]
[EventCountry "GER"]
[SourceTitle "EXT 2007"]
[Source "ChessBase"]
[SourceDate "2006.11.23"]
[SourceVersion "1"]
[SourceVersionDate "2006.11.23"]
[SourceQuality "1"]

1. e4 d6 2. Nc3 e5 3. a3 Nf6 4. d3 Be7 5. Nge2 0-0 6. Ng3 g6 7. Be2 c6 8. Bh6 Re8 9. 0-0 Be6 10. Bg5 Nbd7 11. Bxf6 Bxf6 12. Bf3 Bg7 13. Nce2 Qc7 14. d4 d5 15. c3 Rad8 16. Qc2 Nf6 17. b4 Bg4 18. Qd3 Qe7 19. h3 Bxf3 20. Qxf3 exd4 21. Nxd4 Nxe4 22. Qd3 f5 23. f4 h5 24. Nde2 Qf6 25. Rac1 Re7 26. Rc2 Rde8 1-0

[Event "Brandenburg Seniors op 13th"]
[Site "Rowy"]
[Date "2004.06.29"]
[Round "8"]
[White "Heidfeld, Christel"]
[Black "Zarow, Elzbieta"]
[Result "0-1"]
[WhiteElo "1266"]
[BlackElo "1078"]
[PlyCount "30"]
[EventDate "2004.06.21"]
[EventType "swiss"]
[EventRounds "9"]
[EventCountry "POL"]
[SourceTitle "EXT 2006"]
[Source "ChessBase"]
[SourceDate "2005.11.24"]
[SourceVersion "1"]
[SourceVersionDate "2005.11.24"]
[SourceQuality "1"]

1. e3 e5 2. Bc4 b6 3. e4 Nf6 4. d3 Be7 5. f3 Nc6 6. a3 d5 7. exd5 Nxd5 8. Bxd5 Qxd5 9. Nc3 Qd7 10. Nge2 0-0 11. 0-0 Bb7 12. h3 Bf6 13. Ne4 Qe6 14. Ng5 Bxg5 15. Bxg5 Qg6 0-1

[Event "Brandenburg Seniors op 13th"]
[Site "Rowy"]
[Date "2004.06.21"]
[Round "1"]
[White "Schenk, Dieter"]
[Black "Heidfeld, Christel"]
[Result "1-0"]
[WhiteElo "1871"]
[BlackElo "1266"]
[PlyCount "53"]
[EventDate "2004.06.21"]
[EventType "swiss"]
[EventRounds "9"]
[EventCountry "POL"]
[SourceTitle "EXT 2006"]
[Source "ChessBase"]
[SourceDate "2005.11.24"]
[SourceVersion "1"]
[SourceVersionDate "2005.11.24"]
[SourceQuality "1"]

1. e4 e6 2. d4 d5 3. e5 a6 4. Nf3 Nc6 5. a3 Nge7 6. Bd3 Bd7 7. Bg5 Qb8 8. Nbd2 Nc8 9. 0-0 Qa7 10. c3 Be7 11. b4 b5 12. Nb3 Nb6 13. Nc5 Bc8 14. a4 bxa4 15. Nxa4 Qb8 16. Nc5 Bxc5 17. bxc5 Nd7 18. Qa4 Ne7 19. Rfb1 Qa7 20. Qa3 c6 21. Rb4 Qc7 22. Bxe7 Kxe7 23. Rb6 Qd8 24. Rxc6 Re8 25. Rd6 Bb7 26. c6 Bc8 27. Rxd7# 1-0

[Event "Bad Sooden-Allendorf Seniors op 16th"]
[Site "Bad Sooden-Allendorf"]
[Date "2004.04.29"]
[Round "8"]
[White "Heidfeld, Christel"]
[Black "Koch, Horst"]
[Result "0-1"]
[WhiteElo "1301"]
[BlackElo "1416"]
[PlyCount "98"]
[EventDate "2004.04.22"]
[EventType "swiss"]
[EventRounds "9"]
[EventCountry "GER"]
[SourceTitle "EXT 2006"]
[Source "ChessBase"]
[SourceDate "2005.11.24"]
[SourceVersion "1"]
[SourceVersionDate "2005.11.24"]
[SourceQuality "1"]

1. d4 e6 2. e4 d5 3. a3 dxe4 4. Nc3 f5 5. b4 c6 6. Bc4 Nf6 7. Bg5 Be7 8. Bxf6 Bxf6 9. Nge2 0-0 10. 0-0 Kh8 11. Na2 Nd7 12. c3 Nb6 13. Bb3 Qc7 14. Qc1 e5 15. Qd2 exd4 16. cxd4 Rd8 17. Rfd1 Qe7 18. Ng3 Bg5 19. Qc3 Be6 20. Bxe6 Qxe6 21. Nc1 Nd5 22. Qb3 Re8 23. Re1 Qf6 24. Qc2 Bxc1 25. Qxc1 g6 26. Qb2 h5 27. b5 h4 28. Nh1 Rab8 29. bxc6 bxc6 30. Qc1 g5 31. Qd2 Re7 32. Rab1 Rxb1 33. Rxb1 f4 34. g3 Qg6 35. Kf1 e3 36. Rb8+ Kg7 37. fxe3 fxe3 38. Qe2 Qf6+ 39. Kg2 Qd6 40. Rb3 Kh6 41. Kh3 Qe6+ 42. Kg2 Nf4+ 43. gxf4 Qxb3 44. fxg5+ Kxg5 45. Nf2 Qd5+ 46. Kf1 Qf5 47. h3 Qxf2+ 48. Qxf2 exf2 49. Kxf2 Re4 0-1

[Event "Bad Sooden-Allendorf Seniors op 15th"]
[Site "Bad Sooden-Allendorf"]
[Date "2003.05.05"]
[Round "7"]
[White "Heidfeld, Christel"]
[Black "De Mol, Ferdinand"]
[Result "0-1"]
[WhiteElo "1279"]
[BlackElo "1496"]
[PlyCount "60"]
[EventDate "2003.05.??"]
[EventType "swiss"]
[EventRounds "9"]
[EventCountry "GER"]
[SourceTitle "EXT 2006"]
[Source "ChessBase"]
[SourceDate "2005.11.24"]
[SourceVersion "1"]
[SourceVersionDate "2005.11.24"]
[SourceQuality "1"]

1. e3 Nf6 2. d4 d5 3. f3 b6 4. Bd3 Bb7 5. b3 e6 6. Nd2 Nbd7 7. Bb2 Bd6 8. Ne2 c5 9. 0-0 0-0 10. c4 e5 11. Nc3 exd4 12. exd4 cxd4 13. Nb5 Bc5 14. Nxd4 Ne5 15. Qc2 dxc4 16. bxc4 Bxd4+ 17. Bxd4 Qxd4+ 18. Kh1 Qxd3 19. Qb2 Rfe8 20. Rac1 Rad8 21. Rf2 Ng6 22. h3 Nf4 23. Nb3 Re2 24. Rxe2 Qxe2 25. Qxe2 Nxe2 26. Re1 Ng3+ 27. Kh2 Nfh5 28. h4 Kf8 29. Re3 Rd1 30. c5 Rh1# 0-1

[Event "Bad Sooden-Allendorf Seniors op 15th"]
[Site "Bad Sooden-Allendorf"]
[Date "2003.05.04"]
[Round "6"]
[White "Heidfeld, Christel"]
[Black "Jasper, Erich"]
[Result "0-1"]
[WhiteElo "1279"]
[BlackElo "1534"]
[PlyCount "72"]
[EventDate "2003.05.??"]
[EventType "swiss"]
[EventRounds "9"]
[EventCountry "GER"]
[SourceTitle "EXT 2006"]
[Source "ChessBase"]
[SourceDate "2005.11.24"]
[SourceVersion "1"]
[SourceVersionDate "2005.11.24"]
[SourceQuality "1"]

1. e3 c5 2. Nc3 Nc6 3. Bb5 Nf6 4. Nf3 a6 5. Bxc6 bxc6 6. 0-0 Qc7 7. d3 d5 8. Re1 Bg4 9. Nb1 e6 10. Nbd2 Bd6 11. g3 h5 12. c3 h4 13. Re2 hxg3 14. fxg3 Ke7 15. Rg2 Rh6 16. Qf1 Rah8 17. b3 Nh5 18. Qf2 Bh3 19. Ng5 Rf6 20. Ndf3 Bxg2 21. Qxg2 Nxg3 22. hxg3 Bxg3 23. e4 Rfh6 24. Nxf7 Kxf7 25. Bxh6 Rxh6 26. Rf1 Kg8 27. c4 Qf4 28. Qe2 Qg4 29. Qg2 Qf4 30. Qe2 d4 31. a3 Qe3+ 32. Qxe3 dxe3 33. Kg2 e2 34. Rb1 Rg6 35. Kh3 Bf2 36. Ne1 Rg1 0-1

[Event "Bad Sooden-Allendorf Seniors op 15th"]
[Site "Bad Sooden-Allendorf"]
[Date "2003.05.02"]
[Round "5"]
[White "Hoffmann, Erich"]
[Black "Heidfeld, Christel"]
[Result "1-0"]
[WhiteElo "1660"]
[BlackElo "1279"]
[PlyCount "57"]
[EventDate "2003.05.??"]
[EventType "swiss"]
[EventRounds "9"]
[EventCountry "GER"]
[SourceTitle "EXT 2006"]
[Source "ChessBase"]
[SourceDate "2005.11.24"]
[SourceVersion "1"]
[SourceVersionDate "2005.11.24"]
[SourceQuality "1"]

1. e4 e6 2. d4 f6 3. Nf3 c6 4. Bd3 Ne7 5. c4 d5 6. cxd5 exd5 7. exd5 Nxd5 8. 0-0 Be7 9. Nh4 c5 10. Qh5+ Kf8 11. Ng6+ Kg8 12. Nxh8 h6 13. Bxh6 Be6 14. Bd2 Bd6 15. Bh7+ Kf8 16. Ng6+ Ke8 17. dxc5 Bxc5 18. Nf4+ Ke7 19. Re1 Nxf4 20. Qxc5+ Kf7 21. Bxf4 Na6 22. Qe3 Qb6 23. Qxb6 axb6 24. Be4 Nc5 25. Nc3 Re8 26. b4 Na6 27. a3 g6 28. Bxb7 Nb8 29. h4 1-0